000 00664nam a2200217 i 4500
001 146764
003 ES-MaACL
005 20250726063035.0
007 t|
008 070917s1959 sp ||||1| spa d
080 _a86-821"19"
100 1 _aTrueba, Antonio de,
_d1819-1889
_9111545
245 1 0 _aCuentos y cantares /
_cAntonio de Trueba ; selección y estudio previo de Alfonso M. Escudero.
260 _aMadrid :
_bAguilar,
_c1959.
300 _a502 p. ;
_c20 cm.
490 1 _aCol. Literaria
700 1 _aEscudero, Alfonso M.
_947677
830 0 _aCol. Literaria
_9187024
852 _aES-MaACL
_jC-16215
_bR.44222
999 _c146764
_d146764